Luz en la tierra (Record no. 161585)

MARC details
000 -LEADER
campo de control de longitud fija 00956nam a2200193 i 4500
001 - NÚMERO DE CONTROL
campo de control 161585
003 - IDENTIFICADOR DE NÚMERO DE CONTROL
campo de control ES-MaACL
005 - FECHA Y HORA DE LA ÚLTIMA TRANSACCIÓN
campo de control 20250728111239.0
008 - DATOS DE LONGITUD FIJA--INFORMACIÓN GENERAL
campo de control de longitud fija 940301s1881 sp |||| | spa d
100 1# - ENTRADA PRINCIPAL--NOMBRE DE PERSONA
Nombre de persona Paz, Abdón de.
9 (RLIN) 130921
245 10 - MENCIÓN DEL TÍTULO
Título Luz en la tierra
Resto del título : demostración de que entre la religión católica y la ciencia no pueden existir conflictos /
Mención de responsabilidad, etc. por Abdón de Paz ; obra premiada con accésit por la Real Academia de Ciencias Morales y Políticas en ... 1878.
260 ## - PUBLICACIÓN, DISTRIBUCIÓN, ETC.
Lugar de publicación, distribución, etc. Madrid :
Nombre del editor, distribuidor, etc. [s.n.],
Fecha de publicación, distribución, etc. 1881 (
Fabricante Tipografía Guttenberg, a cargo de M. Salamanqués ...)
300 ## - DESCRIPCIÓN FÍSICA
Extensión 274 p. ;
Dimensiones 26 cm.
504 ## - NOTA DE BIBLIOGRAFÍA, ETC.
Nota de bibliografía, etc. Bibliografía: p. 265-274.
595 ## -
-- Existe variante de esta ed. con pequeños cambios en port.: "obra publicada por la Real Academia de Ciencias Morales y Políticas"
650 #7 - PUNTO DE ACCESO ADICIONAL DE MATERIA--TÉRMINO DE MATERIA
Término de materia o nombre geográfico como elemento de entrada Religión y ciencia
Fuente del encabezamiento o término embne
9 (RLIN) 16806
852 ## - LOCALIZACIÓN
Ubicación ES-MaACL
Número de control de estantería C-3135
Nota libre - Enc. hol., conservando cub. original
Holdings
Estatus retirado Estado de pérdida Estado de daño No para préstamo Colección Biblioteca de origen Biblioteca actual Ubicación en estantería Fecha de adquisición Total de préstamos Signatura topográfica completa Código de barras Visto por última vez Precio de reemplazo Tipo de ítem Koha
        Libros del s. XIX Biblioteca del Ateneo de Madrid Biblioteca del Ateneo de Madrid Sala Palomar 17/01/2008   C-3135 1169257 23/02/2023 23/02/2023 Libro impreso antiguo